Statistiques concernant Orthographe - Mettre au masculin

Cliquez ici pour prendre le quiz!

Statistiques générales

  • Ce quiz a été pris 210 fois
  • Le résultat moyen est 24 sur 24

Statistiques - réponses

Nom ou adjectifMasculin% Correct
laidelaid
100%
marchandemarchand
100%
villageoisevillageois
100%
grisegris
100%
épouseépoux
100%
candidatecandidat
100%
neuveneuf
100%
maladroitemaladroit
100%
seuleseul
100%
uséeusé
100%
gourmandegourmand
100%
violetteviolet
100%
épaisseépais
100%
satisfaitesatisfait
100%
gentillegentil
100%
favoritefavori
100%
longuelong
100%
roserose
99%
louveloup
99%
dernièredernier
99%
uniqueunique
99%
salesale
99%
gravegrave
99%
publiquepublic
98%

Distribution des résultats

Percentile par nombre de réponses

% des personnes avec chaque résultat

Votre développement - résultats

Vous n’avez pas pris ce quiz